[Event "9th Prague Festival IM"]
[Site "Prague CZE"]
[Date "2013.06.24"]
[Round "2.4"]
[White "Lamorelle,J"]
[Black "Kourousis,E"]
[Result "1/2-1/2"]
[WhiteElo "2274"]
[BlackElo "2391"]

1.e4 c5 2.Nf3 Nc6 3.d4 cxd4 4.Nxd4 Qb6 5.Nb3 Nf6 6.Nc3 e6 7.Bd3 d6 8.O-O a6
9.a4 Qc7 10.a5 Be7 11.Be3 O-O 12.Na4 Bd7 13.Nb6 Rad8 14.f4 Nb4 15.Nc4 Qb8
16.e5 dxe5 17.fxe5 Nfd5 18.Bxh7+ Kxh7 19.Qh5+ Kg8 20.Rf3 f5 21.Rh3 Nxe3 22.Qh7+ Kf7
23.Qh5+ Kg8 24.Qh7+  1/2-1/2

[Event "7th Varna Open 2013"]
[Site "Varna BUL"]
[Date "2013.06.24"]
[Round "6.14"]
[White "Talmaci,Alexandru"]
[Black "Spassov,L"]
[Result "1/2-1/2"]
[WhiteElo "1581"]
[BlackElo "2335"]

1.e4 c5 2.Nf3 Nc6 3.d4 cxd4 4.Nxd4 Qb6 5.Nb3 Nf6 6.Bd3 e6 7.O-O Be7 8.Be3 Qc7
9.Nc3 a6 10.a4 b6 11.Qe2 d6 12.f3 O-O 13.Rfd1 Nd7 14.Qf2 Re8 15.Ne2 Nce5
16.Rac1 Nc5 17.Nxc5 bxc5 18.c3 Nxd3 19.Rxd3 Bd7 20.Ra1 Rab8 21.Nc1 c4 22.Rd2 a5
23.Qe2 Rb7 24.Ra2 e5 25.Qd1 Be6 26.Ne2 Qc6 27.Ng3 g6 28.f4 exf4 29.Bxf4 Rd7
30.Qf3 Bf8 31.Ne2 Bg7 32.Nd4 Qb6 33.Be3 Qc7 34.Ra1 d5 35.exd5 Bxd5 36.Qg3 Be4
37.Re1 Bd3 38.Nb5 Qc6 39.Bd4 Rxe1+ 40.Qxe1 Rd8 41.Bxg7 Kxg7 42.Qe5+ Kg8 43.h3 Re8
44.Qf4 Re4 45.Qb8+ Kg7 46.Kh2 Qf6 47.Qg3 h5 48.Qd6 Qg5 49.Rf2 h4 50.Qc7 Re7
51.Qf4 Qxf4+ 52.Rxf4 Re2 53.Nd6 Rxb2 54.Nxc4 Bxc4 55.Rxc4 g5 56.Rc5 Kf6 57.Rxa5 Ra2
58.Kg1 Kg6 59.c4 Rc2 60.Rc5 Ra2 61.a5 f5 62.Rc6+ Kh5 63.a6 g4 64.hxg4+ fxg4
65.c5 g3 66.Kf1 Rf2+ 67.Kg1  1/2-1/2

[Event "Visma GM 2013"]
[Site "Vaxjo SWE"]
[Date "2013.06.27"]
[Round "2.4"]
[White "Lindberg,Be"]
[Black "Blomqvist,E"]
[Result "0-1"]
[WhiteElo "2410"]
[BlackElo "2483"]

1.e4 c5 2.Nf3 Nc6 3.d4 cxd4 4.Nxd4 Qb6 5.Nb3 Nf6 6.Nc3 e6 7.Bd3 d6 8.a4 Be7
9.O-O O-O 10.Qe2 Nb4 11.a5 Qc7 12.Nb5 Qb8 13.Bf4 Bd7 14.c4 Bc6 15.Bb1 Rd8
16.Rd1 Na6 17.N3d4 g6 18.Nf3 Nc5 19.Nd2 e5 20.Be3 Bxb5 21.Bxc5 Bxc4 22.Qxc4 dxc5
23.Ba2 Rf8 24.Qb5 Qc7 25.Nc4 Rad8 26.Ne3 a6 27.Qe2 Rd4 28.Nd5 Nxd5 29.Bxd5 Kg7
30.g3 Rd8 31.Kg2 Rd7 32.Rd3 Rb4 33.Rf3 Bd8 34.Bc4 Qc6 35.b3 f5 36.exf5 e4
37.Rf4 Bg5 38.f6+ Bxf6 39.Rf1 Rd4 40.f3 Rdxc4 41.bxc4 Rb2 42.Qxb2 exf3+ 43.R1xf3 Bxb2
44.Rf7+ Kh6 45.h4 Qe6 46.R7f4 Bd4 47.h5 Kxh5 48.Rh4+ Kg5 49.Rff4 h5 50.Re4 Qxc4
51.Rhf4 Qa2+ 52.Kh3 Bg1 53.Re5+ Kh6  0-1

[Event "22nd Anderssen Mem Eliminacje"]
[Site "Wroclaw POL"]
[Date "2013.06.29"]
[Round "7"]
[White "Zawadzka,J"]
[Black "Cukrowski,F"]
[Result "0-1"]
[WhiteElo "2391"]
[BlackElo "2178"]

1.e4 c5 2.Nf3 Nc6 3.d4 cxd4 4.Nxd4 Qb6 5.Nb3 Nf6 6.Nc3 e6 7.Be3 Qc7 8.Bd3 a6
9.a4 b6 10.O-O Bb7 11.Qe2 Be7 12.f4 d6 13.Rae1 Nb4 14.h3 d5 15.exd5 Nbxd5
16.Nxd5 Nxd5 17.Bd4 Nxf4 18.Qf2 Bd6 19.Bxb6 Qe7 20.Be4 O-O 21.c4 Bxe4 22.Rxe4 Qb7
23.Qd4 e5 24.Qe3 f5 25.Rexf4 exf4 26.Qe6+ Kh8 27.c5 Rf6 28.Qc4 Rg6 29.Rf2 Be5
30.Qd3 Re8 31.Qxf5 Bb8 32.Nd2 Be5 33.Nf3 Bxb2 34.Re2 Rg8 35.Qxf4 Bf6 36.Kh1 Qd5
37.Rd2 Qb3 38.a5 Re8 39.c6 Bc3 40.Rd7 Rxc6 41.Ng5 Be5 42.Qh4 Rc1+ 43.Bg1 Qc2  0-1

[Event "8th Vladimir Dvorkovich Cup"]
[Site "Moscow RUS"]
[Date "2013.06.30"]
[Round "5.11"]
[White "Vavulin,M"]
[Black "Ghvamberia,N"]
[Result "1-0"]
[WhiteElo "2359"]
[BlackElo "2047"]

1.e4 c5 2.Nf3 Nc6 3.d4 cxd4 4.Nxd4 Qb6 5.Nb3 Nf6 6.Nc3 e6 7.Qe2 Bb4 8.Bd2 O-O
9.a3 Be7 10.e5 Nd5 11.O-O-O Nxc3 12.Bxc3 a6 13.Nd2 Qc7 14.Nc4 b5 15.Nd6 Bxd6
16.Rxd6 Bb7 17.Qd2 Rfd8 18.h4 Rac8 19.Rh3 Qb6 20.Rg3 a5 21.h5 b4 22.Qh6 g6
23.hxg6 fxg6 24.Rxg6+ hxg6 25.Qxg6+ Kf8 26.Qf6+ Kg8 27.Rd3 bxc3 28.Rg3+  1-0

[Event "9th Prague Festival IM"]
[Site "Prague CZE"]
[Date "2013.06.30"]
[Round "9.3"]
[White "Tuma,Ja"]
[Black "Kourousis,E"]
[Result "0-1"]
[WhiteElo "2303"]
[BlackElo "2391"]

1.e4 c5 2.Nf3 Nc6 3.d4 cxd4 4.Nxd4 Qb6 5.Nb3 Nf6 6.Nc3 e6 7.Be3 Qc7 8.Bd3 d6
9.f4 a6 10.Qf3 b5 11.O-O Bb7 12.g4 Be7 13.Rae1 O-O 14.g5 Nd7 15.Qh5 g6 16.Qh4 Nb4
17.Rf3 Nxd3 18.cxd3 f5 19.Rh3 Rf7 20.exf5 exf5 21.Ne2 Nc5 22.Nbc1 Qc6 23.Qg3 b4
24.Nd4 Qd7 25.Ndb3 Bf8 26.Bd4 Re8 27.Rxe8 Qxe8 28.Nxc5 dxc5 29.Be5 Qc6 30.Ne2 Rd7
31.Kf2 c4 32.d4 a5 33.Qe3 Qg2+ 34.Ke1 Qh1+ 35.Kf2 Be4 36.Rg3 Qxh2+ 37.Ke1 Bd3
38.Rh3 Qg2 39.Rg3 Qh1+ 40.Rg1 Qd5 41.Ng3 a4 42.Nh5 gxh5 43.g6 Qe4  0-1

[Event "Visma GM 2013"]
[Site "Vaxjo SWE"]
[Date "2013.06.30"]
[Round "9.3"]
[White "Nithander,V"]
[Black "Blomqvist,E"]
[Result "0-1"]
[WhiteElo "2455"]
[BlackElo "2483"]

1.e4 c5 2.Nf3 Nc6 3.d4 cxd4 4.Nxd4 Qb6 5.Nb3 Nf6 6.Bd3 e6 7.O-O Be7 8.N1d2 O-O
9.Kh1 d5 10.Qe2 Ne5 11.f4 Nxd3 12.cxd3 dxe4 13.dxe4 Bd7 14.Nc4 Qa6 15.Nbd2 Bb4
16.a4 Rfd8 17.e5 Nd5 18.Ne4 Nb6 19.b3 Nxc4 20.bxc4 Rac8 21.Rd1 Qxc4 22.Qxc4 Rxc4
23.Ng5 Be7 24.a5 Ba4 25.Rxd8+ Bxd8 26.Bd2 b5 27.axb6 Bxb6 28.Rc1 Rxc1+ 29.Bxc1 Bc6
30.h4 h6 31.Nh3 Kf8 32.Ba3+ Ke8 33.Kh2 h5 34.Ng5 Bf2 35.Kh3 a5 36.g4 g6 37.gxh5 gxh5
38.Bd6 Be1 39.Ba3 Bb4 40.Bc1 Kf8 41.Kg3 Be1+ 42.Kh3 Kg7 43.f5 exf5 44.e6 fxe6
45.Nxe6+ Kf6 46.Nf4 Bf3 47.Bb2+ Kf7 48.Nd3 Bg4+ 49.Kg2 Bxh4 50.Ne5+ Ke6 51.Nc6 Be1  0-1

[Event "20th Abu Dhabi Masters 2013"]
[Site "Abu Dhabi UAE"]
[Date "2013.07.01"]
[Round "2.5"]
[White "Oleksienko,M"]
[Black "Lazarev,V"]
[Result "1/2-1/2"]
[WhiteElo "2568"]
[BlackElo "2410"]

1.e4 c5 2.Nf3 Nc6 3.d4 cxd4 4.Nxd4 Qc7 5.Nc3 e6 6.g3 a6 7.Bg2 d6 8.Nxc6 bxc6
9.O-O Nf6 10.Na4 Bb7 11.c4 c5 12.Nc3 Be7 13.f4 Nd7 14.Be3 O-O 15.g4 Bf6 16.Rc1 Bxc3
17.Rxc3 Nf6 18.Qc2 Nxg4 19.h3 Nxe3 20.Rxe3 Rae8 21.Rd1 Qe7 22.Qd2 Qh4 23.Qf2 Qxf2+
24.Kxf2 f5 25.exf5 Bxg2 26.Kxg2 exf5 27.Rxe8 Rxe8 28.Rxd6 Re2+ 29.Kg3 Rxb2
30.Rxa6 Rb4 31.Rc6  1/2-1/2

[Event "TCh-MNE Prem 2013"]
[Site "Cetinje MNE"]
[Date "2013.07.01"]
[Round "8.3"]
[White "Benderac,S"]
[Black "Djukic,Ni"]
[Result "1/2-1/2"]
[WhiteElo "2301"]
[BlackElo "2539"]

1.e4 c5 2.Nf3 Nc6 3.d4 cxd4 4.Nxd4 Qc7 5.Nc3 e6 6.Be2 a6 7.O-O Nf6 8.Kh1 Be7
9.f4 d6 10.Be3 O-O 11.Qe1 Nxd4 12.Bxd4 b5 13.a3 Nd7 14.Rd1 Bb7 15.Bf3 e5
16.Be3 exf4 17.Bxf4 Ne5 18.Be2 Ng6 19.Be3 Rae8 20.Qg3 Bc6 21.Bd4 Qb7 22.Bd3 Bh4
23.Qg4 Bd8 24.Qg3 Ne5 25.h3 Bb6 26.Be2 Bxd4 27.Rxd4 Re6 28.Rfd1 Qe7 29.Bf1 Rg6
30.Qe3 Qh4 31.Qe1 Qxe1 32.Rxe1 f5 33.Nd5 Bxd5 34.exd5 f4 35.Rd2 f3 36.Rf2 h5
37.Rd1 h4 38.gxf3 Rxf3 39.Rxf3 Nxf3 40.Be2 Rg3  1/2-1/2

[Event "VIII Wroclaw Open A 2013"]
[Site "Wroclaw POL"]
[Date "2013.07.01"]
[Round "1.5"]
[White "Piotrowski,P"]
[Black "Dobrowolski,P"]
[Result "0-1"]
[WhiteElo "2036"]
[BlackElo "2419"]

1.e4 c5 2.Nf3 Nc6 3.d4 cxd4 4.Nxd4 Qb6 5.Nb3 Nf6 6.Nc3 e6 7.Be3 Qc7 8.Bd3 a6
9.f4 d6 10.Qf3 b5 11.g4 Bb7 12.g5 Nd7 13.O-O-O Nc5 14.Kb1 Be7 15.Qh3 b4 16.Ne2 g6
17.Ned4 Nd8 18.f5 gxf5 19.exf5 Bxh1 20.Rxh1 Nxd3 21.cxd3 e5 22.f6 exd4 23.Bxd4 Bf8
24.Re1+ Ne6 25.Rxe6+ fxe6 26.Qxe6+ Be7 27.f7+ Kf8 28.g6 hxg6 29.Bxh8 Rc8
30.a4 Qc2+ 31.Ka2 Rc3 32.Bf6 Rc7 33.Be5 Qxd3 34.Bf6 d5 35.Be5 Qe4 36.Nd2 b3+
37.Nxb3 Qxa4+ 38.Kb1 Qe4+ 39.Ka2 Qa4+ 40.Kb1 Qe4+ 41.Ka2 Rc4 42.Nd2 Ra4+
43.Kb3 Qd3+ 44.Bc3 d4 45.Qd7 Qb5+  0-1

[Event "IsBank TCh-TUR 2013"]
[Site "Denizli TUR"]
[Date "2013.07.03"]
[Round "5.7"]
[White "Sumer,G"]
[Black "Tekeli,T"]
[Result "1/2-1/2"]
[WhiteElo "1935"]
[BlackElo "1901"]

1.e4 c5 2.Nf3 Nc6 3.d4 cxd4 4.Nxd4 Qb6 5.Nb3 e6 6.Nc3 Nf6 7.Be3 Qc7 8.Bd3 d5
9.exd5 exd5 10.Nb5 Qe5 11.Qe2 a6 12.N5d4 Be7 13.h3 O-O 14.O-O-O Re8 15.Rhe1 Ne4
16.Kb1 Bf6 17.c3 Qc7 18.Qc2 g6 19.f3 Nd6 20.Bf4 Ne5 21.Re2 Bd7 22.Rde1 Ndc4
23.Bxc4 dxc4 24.Nd2 b5 25.g4 Bg7 26.h4 Re7 27.Bg5 f6 28.Bf4 Rae8 29.Qe4 Qc5
30.Bxe5 Rxe5 31.Qb7 Rxe2 32.Rxe2 Rxe2 33.Nxe2 Qc6 34.Qb8+ Kf7 35.Nd4 Qd5
36.Ne4 f5 37.gxf5 gxf5 38.Qf4 Bxd4 39.cxd4 h6 40.Nc3 Qe6 41.a3 Bc6 42.Qc7+ Kg6
43.Qg3+ Kh5 44.Qf4 a5 45.Qd2 Bxf3 46.Nxb5 Be2 47.Nc3 Bd3+ 48.Ka2 Kxh4 49.Qf4+ Kh5
50.d5 Qd7 51.d6 Qb7 52.Qd4 Bc2 53.Qxc4 Be4 54.Nxe4 fxe4 55.Qe6 Qc6 56.Qf7+ Kh4
57.d7 Qd6 58.Qc4 Qxd7 59.Qxe4+ Kh3 60.Qe3+ Kg4 61.Qxh6 Qd5+ 62.Kb1 Qd3+ 63.Ka2 Qc4+
64.Kb1 Qd3+ 65.Kc1 Qc4+  1/2-1/2

[Event "41st TCh-GRE"]
[Site "Rio (Achaia) GRE"]
[Date "2013.07.03"]
[Round "2.4"]
[White "Sidiropoulos,L"]
[Black "Skembris,S"]
[Result "0-1"]
[WhiteElo "1787"]
[BlackElo "2458"]

1.e4 c5 2.Nf3 Nc6 3.d4 cxd4 4.Nxd4 Qb6 5.Nb3 Nf6 6.Bd3 d5 7.Be3 Qd8 8.N1d2 e5
9.exd5 Nxd5 10.O-O Be7 11.Re1 O-O 12.Bc5 Nf4 13.Bxe7 Qxe7 14.Qf3 Nxd3 15.Qxd3 Rd8
16.Qc3 Be6 17.a3 Rac8 18.Qe3 b6 19.Rad1 Qd7 20.h3 h6 21.Qe2 Qc7 22.Nf3 f6
23.Qb5 Ne7 24.Rxd8+ Rxd8 25.Rc1 Bc4 26.Qb4 Nd5 27.Qe1 Nf4 28.Rd1 Rxd1 29.Qxd1 Be2
30.Qd2 Bxf3 31.gxf3 Qc8 32.Qb4 Qxh3 33.Qc4+ Kh8 34.Qf1 Qxf3 35.Nd2 Ne2+ 36.Kh2 Qf4+
37.Kh1 Qxd2  0-1

[Event "2nd Arberopen 2013"]
[Site "Bayerisch Eisenstein GER"]
[Date "2013.07.05"]
[Round "7.2"]
[White "Vovk,A"]
[Black "Epishin,V"]
[Result "0-1"]
[WhiteElo "2567"]
[BlackElo "2602"]

1.e4 c5 2.Nf3 Nc6 3.d4 cxd4 4.Nxd4 Qb6 5.Nb3 g6 6.Be3 Qc7 7.Nc3 Bg7 8.Qd2 Nf6
9.f3 d6 10.O-O-O Be6 11.Nd5 Bxd5 12.exd5 Ne5 13.Qa5 b6 14.Qa4+ Ned7 15.Ba6 O-O
16.Bd4 Nc5 17.Nxc5 dxc5 18.Bf2 Qe5 19.Bg3 Qg5+ 20.Qf4 Qh5 21.Qe5 Rad8 22.Bb7 Qxe5
23.Bxe5 Nh5 24.Rhe1 Bxe5 25.Rxe5 Rd7 26.Bc6 Rc7 27.Rde1 e6 28.Bb5 exd5 29.Rxd5 Kg7
30.g3 Nf6 31.Rd6 h5 32.Kd2 Ng8 33.Kc3 Ne7 34.Bd7 Rd8 35.Red1 Rb8 36.a4 a6
37.a5 bxa5 38.Rxa6 Rd8 39.Rad6 Rb8 40.b3 Rb4 41.Ba4 Rd4 42.R1xd4 cxd4+ 43.Kd2 Nf5
44.Rc6 Re7 45.Rc5 h4 46.Rxa5 hxg3 47.hxg3 Nxg3 48.Bc6 Re3 49.b4 Nf1+ 50.Kd1 d3
51.cxd3 Rxd3+ 52.Kc2 Rd8 53.b5 Ne3+ 54.Kc3 Nf5 55.Kc4 Rd1 56.Kc5 Rc1+ 57.Kb6 Kf6
58.Be4 Nd6 59.Ka6 Rc8 60.Bc6 Nxb5 61.Bxb5 Rc3 62.Be2 Re3 63.Ra2 Ke5 64.Kb6 f5
65.Kc5 g5 66.Rd2 Rc3+ 67.Kb4 Rc1 68.Bd1 Kf4 69.Kb3 g4 70.fxg4 fxg4 71.Kb2 Rc4  0-1

[Event "Karvina Open 2013"]
[Site "Karvina CZE"]
[Date "2013.07.05"]
[Round "7.13"]
[White "Novosadova,K"]
[Black "Radecki,P"]
[Result "1-0"]
[WhiteElo "2179"]
[BlackElo "2021"]

1.e4 c5 2.Nf3 Nc6 3.d4 cxd4 4.Nxd4 Qb6 5.Nb3 Nf6 6.Nc3 e6 7.a3 Be7 8.Be2 O-O
9.Be3 Qc7 10.f4 d6 11.Qd3 a6 12.g4 b5 13.g5 Nd7 14.h4 Nc5 15.Qd2 Nxb3 16.cxb3 b4
17.axb4 Nxb4 18.Kf2 Bb7 19.Rhc1 Qd8 20.Na4 d5 21.Nc5 d4 22.Bxd4 Bxc5 23.Rxc5 Nc6
24.Rd1 Nxd4 25.Qxd4 Qb6 26.Rc3 Qa5 27.b4 Qa4 28.h5 e5 29.fxe5 Rae8 30.Rc7 Ba8
31.h6 Re6 32.hxg7 Rfe8 33.Qc4 Bxe4 34.Bg4 Bf5 35.Bf3 a5 36.Rdd7 Bg6 37.Bd5 Qxb4
38.Qxb4 axb4 39.Bxe6 Rxe6 40.Rd8+ Kxg7 41.Rcc8 f5 42.exf6+  1-0

[Event "VIII Wroclaw Open A 2013"]
[Site "Wroclaw POL"]
[Date "2013.07.05"]
[Round "5.4"]
[White "Paszewski,M"]
[Black "Cukrowski,F"]
[Result "0-1"]
[WhiteElo "2052"]
[BlackElo "2175"]

1.e4 c5 2.Nf3 Nc6 3.d4 cxd4 4.Nxd4 Qb6 5.Nb3 Nf6 6.Nc3 e6 7.Qe2 Bb4 8.Bd2 O-O
9.a3 Be7 10.e5 Nd5 11.O-O-O d6 12.exd6 Bxd6 13.Nb5 Bb8 14.c4 Nf4 15.Qe1 Qd8
16.Kb1 Qf6 17.Bc3 e5 18.g3 Ng6 19.c5 Bf5+ 20.Ka2 Be6 21.Bg2 a6 22.Nd6 Bxd6
23.Rxd6 Rfd8 24.Qd2 Rxd6 25.cxd6 Rd8 26.Rd1 Bc4 27.Qc2 Qe6 28.Bxc6 bxc6 29.Bb4 Nf8
30.a4 a5 31.Bxa5 Rb8 32.Rd3 Bxd3 33.Qxd3 c5 34.Qd1 Nd7 35.Bc7 Rb4 36.Ka3 Qc4
37.Na5 Qe4 38.b3 Rd4 39.Qc1 Qe2 40.Nc4 Rd1 41.Qb2 Qd3 42.a5 Rb1 43.Qa2 Rc1
44.Ka4 Rc2 45.Qa1 Rc3 46.Qb2 Rc2 47.Qa1 Rxc4+ 48.bxc4 Qxc4+ 49.Ka3 Qb4+ 50.Ka2 Qa4+
51.Kb1 Qd1+ 52.Ka2 Qd5+ 53.Kb1 Qd3+ 54.Ka2 c4 55.Qb1 Qd2+ 56.Ka3 c3 57.Kb3 Qd4
58.Kc2 Qe4+ 59.Kc1 Qe1+ 60.Kc2 Qd2+ 61.Kb3 Qd4 62.Kc2 e4 63.Qc1 Qd3+ 64.Kb3 Nc5+
65.Ka2 Qc4+ 66.Kb1 Qb3+ 67.Ka1 Qa4+ 68.Kb1 Qb3+ 69.Ka1 c2 70.d7 Nxd7 71.Bf4 Nc5
72.Qb2 Qa4+ 73.Qa2 Qd4+ 74.Qb2 Nb3+ 75.Ka2 Qa4+ 76.Qa3 c1=N+ 77.Bxc1 Nxc1+
78.Kb2 Nd3+ 79.Ka2 Qc2+ 80.Ka1 Nc5 81.Qb2 Nb3+ 82.Ka2 Qxb2+  0-1

[Event "ch-BEL Open 2013"]
[Site "Antwerp BEL"]
[Date "2013.07.07"]
[Round "2.7"]
[White "Sneppe,H"]
[Black "Sadikhov,U"]
[Result "1/2-1/2"]
[WhiteElo "1960"]
[BlackElo "2222"]

1.e4 c5 2.Nf3 Nc6 3.d4 cxd4 4.Nxd4 Qb6 5.Nb3 Nf6 6.Nc3 e6 7.Bd3 a6 8.Qe2 d6
9.Be3 Qc7 10.f3 Be7 11.Qf2 b5 12.a3 Ne5 13.O-O O-O 14.h3 Bb7 15.Na5 Nfd7
16.Nxb7 Qxb7 17.f4 Nxd3 18.cxd3 Nc5 19.Rad1 f5 20.b4 Nd7 21.Qa2 d5 22.exd5 a5
23.dxe6 Nf6 24.Qb3 Qc6 25.Ne2 axb4 26.axb4 Nd5 27.Nd4 Qb7 28.Nc2 Qc6  1/2-1/2

[Event "Klatov Open A 2013"]
[Site "Klatovy CZE"]
[Date "2013.07.07"]
[Round "9.9"]
[White "Vorisek,J"]
[Black "Eretova,J"]
[Result "1-0"]
[WhiteElo "2259"]
[BlackElo "2101"]

1.e4 c5 2.Nf3 Nc6 3.d4 cxd4 4.Nxd4 Qb6 5.Nb3 Nf6 6.Nc3 e6 7.a3 a6 8.Bf4 e5
9.Bg5 d6 10.Bxf6 gxf6 11.Nd5 Qd8 12.Nd2 Be6 13.Nc4 f5 14.exf5 Bxf5 15.Nce3 Be6
16.c3 Bg7 17.Qh5 Ne7 18.Bc4 Nxd5 19.Bxd5 Bxd5 20.Nxd5 O-O 21.Qf5 e4 22.O-O Re8
23.f4 Qc8 24.Qxc8 Raxc8 25.Ne3 b5 26.Rad1 a5 27.f5 Be5 28.Nd5 e3 29.Rfe1 e2
30.Rd2 Rc5 31.Kf2 Kg7 32.Rexe2 Rb8 33.Re4 Rc4 34.Rxc4 bxc4 35.g3 h5 36.Kf3 Kh6
37.Ne3 Rc8 38.Rd5 a4 39.Ra5 h4 40.Rxa4 hxg3 41.hxg3 Rg8 42.Ng4+  1-0

[Event "EY Boys Teams 2013"]
[Site "Maribor SLO"]
[Date "2013.07.07"]
[Round "2"]
[White "Rindlisbacher,L"]
[Black "Bratkovic,Sham"]
[Result "1-0"]
[WhiteElo "2315"]
[BlackElo "2012"]

1.e4 c5 2.Nf3 Nc6 3.d4 cxd4 4.Nxd4 Qc7 5.c4 Nf6 6.Nb5 Qb8 7.f3 e6 8.N1c3 a6
9.Nd4 b6 10.Be3 Bb7 11.Na4 Bb4+ 12.Kf2 Ne5 13.Nxb6 Ra7 14.Nc2 Be7 15.c5 O-O
16.Nc4 Bc6 17.Nxe5 Qxe5 18.Qd4 Qh5 19.h4 h6 20.Be2 Ne8 21.g4 Qg6 22.h5 Qh7
23.a4 Kh8 24.g5 Ra8 25.Nb4 a5 26.Nxc6 dxc6 27.gxh6 e5 28.Qxe5 Bf6 29.hxg7+ Qxg7
30.Qf4 Bxb2 31.Rag1 Qf6 32.Qxf6+ Nxf6 33.Rd1 Rad8 34.h6 Bc3 35.Rxd8 Rxd8
36.Rd1 Rc8 37.Bc4 Rc7 38.Rd8+ Kh7 39.e5 Bxe5 40.Bd3+  1-0

[Event "Styrian Open A 2013"]
[Site "Bad Gleichenberg AUT"]
[Date "2013.07.09"]
[Round "4.3"]
[White "Brkic,A"]
[Black "Perunovic,Mil"]
[Result "1/2-1/2"]
[WhiteElo "2572"]
[BlackElo "2620"]

1.e4 c5 2.Nf3 Nc6 3.d4 cxd4 4.Nxd4 Qc7 5.Nc3 e6 6.Be3 Nf6 7.Qd2 Bb4 8.f3 a6
9.O-O-O O-O 10.g4 b5 11.g5 Nh5 12.Nxc6 dxc6 13.f4 e5 14.f5 Nf4 15.a3 Be7
16.f6 gxf6 17.gxf6 Bxf6 18.Rg1+ Kh8 19.Qd6 Qxd6 20.Rxd6 Be6 21.Rxc6 Rfc8
22.Rxc8+ Rxc8 23.a4 b4 24.Nd5 Nxd5 25.exd5 Bxd5 26.Bxa6 Ra8 27.Bb5 Bg7 28.Rd1 Bg2
29.Rd2 Bf3 30.Rf2 Bd5 31.Rd2 Bf3 32.Rd7 f5 33.Bb6 f4 34.a5 Rb8 35.c4 bxc3
36.bxc3 e4 37.Bc6 Bxc3 38.Kc2 Be5 39.Rd8+ Rxd8 40.Bxd8 Be2 41.Bxe4 f3 42.Bd3 Bxh2
43.Bxe2 fxe2 44.Kd2 Kg8 45.Kxe2  1/2-1/2

[Event "Commonwealth & RSA Open"]
[Site "Port Elizabeth RSA"]
[Date "2013.07.09"]
[Round "6.22"]
[White "Ponelis,A"]
[Black "Emojong,Elijah"]
[Result "0-1"]
[WhiteElo "1933"]
[BlackElo "2311"]

1.e4 c5 2.Nf3 Nc6 3.d4 cxd4 4.Nxd4 Qb6 5.Nb3 e6 6.Nc3 Qc7 7.Bd3 a6 8.O-O b5
9.f4 d6 10.Qf3 Bb7 11.Qg3 Be7 12.Be3 Nf6 13.Rae1 h5 14.h3 h4 15.Qf2 b4 16.Ne2 Nd8
17.Bb6 Qb8 18.Qe3 Nd7 19.Ba5 Nc6 20.Ned4 Nxa5 21.Nxa5 Qc7 22.Nxb7 Qxb7 23.Kh1 Nc5
24.Bc4 Rc8 25.b3 Nd7 26.f5 e5 27.Nf3 Nf6 28.Ng5 Rxc4 29.bxc4 Nh5 30.Kh2 Bd8
31.Rd1 Rh6 32.c5 Qe7 33.Nf3 dxc5 34.Rd2 Nf4 35.Rxd8+ Kxd8 36.Nxe5 Qxe5 37.Qxf4 Qxf4+
38.Rxf4 f6 39.Kg1 Kd7 40.Kf2 Kd6 41.Rg4 Rh7 42.Ke3 Kc6 43.Kd3 Kb5 44.Rg6 c4+
45.Kd4 c3 46.g4 a5 47.g5 a4 48.Ke3 Kc5 49.Kd3 Rh5 50.gxf6 gxf6 51.Rxf6 Rg5
52.Rf8 Rg3+ 53.Ke2 Kd6 54.e5+ Kd7 55.Rb8 Rxh3 56.Rxb4 Rh2+ 57.Kd3  0-1

[Event "36th Barbera Open"]
[Site "Barbera del Valles ESP"]
[Date "2013.07.10"]
[Round "7.17"]
[White "Martinez Ramirez,E"]
[Black "Martynov,P2"]
[Result "0-1"]
[WhiteElo "2306"]
[BlackElo "2321"]

1.e4 c5 2.Nf3 Nc6 3.d4 cxd4 4.Nxd4 Qc7 5.Nc3 e6 6.Be3 a6 7.Bd3 Nf6 8.O-O Nxd4
9.Bxd4 Bc5 10.Bxc5 Qxc5 11.Qf3 d6 12.Rfe1 e5 13.Qe3 Qxe3 14.Rxe3 Be6 15.Rd1 Ke7
16.g3 Nd7 17.f4 f6 18.Bf1 Rhc8 19.Red3 Rc6 20.Nd5+ Bxd5 21.Rxd5 Nc5 22.c3 Rd8
23.Re1 b5 24.Kf2 Rb8 25.b3 b4 26.cxb4 Rxb4 27.Bc4 a5 28.Rd2 a4 29.Bd5 Rcb6
30.a3 Rxb3 31.Bxb3 axb3 32.Ke3 Ra6 33.fxe5 fxe5 34.Rb2 Rxa3 35.Kd2 Ra4 36.Kc3 Rd4
37.Rbe2 g5 38.Rf1 Nxe4+ 39.Kb2 Nc5 40.Rf5 h6 41.Kc3 Ke6 42.Rf8 Kd5 43.Rf6 Ne4+
44.Rxe4 Kxe4 45.Kxb3 Kd3 46.Rxh6 e4 47.h4 e3  0-1

[Event "15th Torredembarra Open 2013"]
[Site "Torredembarra ESP"]
[Date "2013.07.10"]
[Round "5.4"]
[White "Fernandez Muixi,F"]
[Black "Pogorelov,R"]
[Result "0-1"]
[WhiteElo "2127"]
[BlackElo "2392"]

1.e4 c5 2.Nf3 Nc6 3.d4 cxd4 4.Nxd4 Qc7 5.Nc3 e6 6.a3 a6 7.Be2 Nf6 8.O-O Be7
9.Be3 O-O 10.Qd2 d6 11.f4 Nxd4 12.Bxd4 b5 13.Kh1 Bb7 14.Bd3 e5 15.Be3 exf4
16.Bxf4 Nd7 17.Nd5 Bxd5 18.exd5 Bf6 19.c3 Be5 20.Bg5 g6 21.Rae1 f5 22.Bc2 Rae8
23.Qf2 Qc5 24.Qd2 Qc4 25.Qd1 Nf6 26.Bb3 Qg4 27.Bxf6 Qxd1 28.Bxd1 Rxf6 29.g3 h5
30.Kg2 Kg7 31.Bc2 Rc8 32.Rf3 a5 33.Re2 Rf7 34.Bb3 Rfc7 35.Rd3 Kf6 36.h4 b4
37.axb4 axb4 38.c4 Rc5 39.Rd1 Ra5 40.Rc2 Rca8 41.Rdd2 Re8 42.Rd3 Ke7 43.Re2 Kd8
44.Bd1 Kc7 45.Bb3 Kb6 46.Rd1 Kc5 47.Kf3 Ra6 48.Rg2 Bd4 49.Rd3 Re4 50.Rgd2 Ra1
51.Kg2 Be5 52.Rf3 Ree1 53.Rfd3 Rg1+ 54.Kf2 Raf1+ 55.Ke2 f4 56.gxf4 Rxf4 57.Rh3 Rg2+
58.Kd3 Rd4+  0-1

[Event "2nd Ideon Andron Open 2013"]
[Site "Anogia GRE"]
[Date "2013.07.11"]
[Round "3.6"]
[White "Skaperdas,K"]
[Black "Skembris,S"]
[Result "0-1"]
[WhiteElo "2141"]
[BlackElo "2458"]

1.e4 c5 2.Nf3 Nc6 3.d4 cxd4 4.Nxd4 Qb6 5.Nb3 Nf6 6.Nc3 e6 7.a3 Be7 8.Bf4 O-O
9.e5 Ne8 10.Bd3 f6 11.Na4 Qd8 12.exf6 Bxf6 13.Qd2 d5 14.h4 Ne5 15.Bg5 Nd6
16.f4 Nec4 17.Qe2 Qe8 18.Nc3 Nxb2 19.Bxf6 Rxf6 20.O-O Qc6 21.Qe5 Nxd3 22.cxd3 Nf5
23.Ne2 Qb6+ 24.Nbd4 Nxh4 25.Rab1 Qd8 26.Rfc1 Ng6 27.Qe3 b6 28.Rc6 Bd7 29.Rc3 Rc8
30.Rbc1 Rxc3 31.Rxc3 Qb8 32.g3 Qd6 33.Nf3 Rf8 34.Ned4 Rc8 35.Qc1 Rxc3 36.Qxc3 e5
37.fxe5 Nxe5 38.Kg2 Ng4 39.Qc1 h6 40.a4 Kh7 41.Nb5 Qb4 42.Qf4 Qb3 43.Nxa7 Qc2+
44.Nd2 Qxd3  0-1

[Event "EY Boys Teams 2013"]
[Site "Maribor SLO"]
[Date "2013.07.11"]
[Round "6"]
[White "Bratkovic,Jakob"]
[Black "Rieger,R"]
[Result "0-1"]
[WhiteElo "1990"]
[BlackElo "2174"]

1.e4 c5 2.Nf3 Nc6 3.d4 cxd4 4.Nxd4 Qb6 5.Nb3 Nf6 6.Nc3 e6 7.Be3 Qc7 8.Be2 Bb4
9.O-O Bxc3 10.bxc3 Nxe4 11.Bd3 Nf6 12.Qf3 O-O 13.Bf4 e5 14.Bg5 Ne8 15.Qf5 g6
16.Qf3 f5 17.Qd5+ Kg7 18.Rad1 h6 19.Bc1 Nf6 20.Qc5 b6 21.Qe3 f4 22.Qe2 e4
23.Bc4 f3 24.gxf3 exf3 25.Qxf3 d5 26.Bxd5 Bg4 27.Qe3 g5 28.Bxc6 Qxc6 29.Nd4 Qc4
30.h3 Rae8 31.Qg3 Bxd1 32.Nf5+ Kh7 33.Rxd1 Ne4 34.Qg4 Qf7  0-1

[Event "St. Pauli Open 2013"]
[Site "Hamburg GER"]
[Date "2013.07.13"]
[Round "8.1"]
[White "Huschenbeth,N"]
[Black "Souleidis,G"]
[Result "1/2-1/2"]
[WhiteElo "2542"]
[BlackElo "2398"]

1.e4 c5 2.Nf3 Nc6 3.d4 cxd4 4.Nxd4 Qb6 5.Nb3 Nf6 6.Nc3 e6 7.Qe2 Bb4 8.Bd2 O-O
9.a3 Bxc3 10.Bxc3 e5 11.O-O-O Re8 12.h3 a5 13.Qf3 a4 14.Nd2 Qc5 15.Nc4 Re6
16.Rd5 Nxd5 17.exd5 Rf6 18.Qe3 Qxd5 19.Nb6 Qa2 20.Nxa8 d5 21.Nb6 Bf5 22.Qe1 d4
23.Bc4 Qa1+ 24.Kd2 dxc3+ 25.Kxc3 Qxe1+ 26.Rxe1 h5 27.Nxa4 Rg6 28.Bf1 Rd6
29.Nc5 b6 30.Bd3 Bc8 31.Ne4 Rd8 32.h4 Kf8 33.f3 Ne7 34.Ng3 Nd5+ 35.Kd2 Nf4
36.Rxe5 g6 37.Re4 Nxg2 38.Ke2 Re8 39.Kf2 Rxe4 40.Nxe4 Nxh4 41.Nc3 Bd7 42.Nd5 Bc6
43.Nxb6 Nxf3 44.b4 Ne5 45.Bf1 Ng4+ 46.Kg1 Ne3 47.Bd3 h4 48.b5 Bf3 49.a4 g5
50.a5 Ke7 51.a6 g4 52.a7 g3 53.Be2 Bb7 54.a8=Q Bxa8 55.Nxa8 Nxc2 56.b6 Nd4
57.Bf1 Nc6 58.b7 Kd6 59.Bg2 Nb8 60.Kf1 Kc5 61.Ke2 Kb5 62.Nc7+ Kb6 63.Ne8 h3
64.Bf3 Nd7 65.Nf6 Nb8 66.Nh5 g2 67.Kf2 Ka7 68.Nf4 Nd7 69.Nd3 f6 70.Be4 Ne5
71.Nc5 f5 72.Na6 Nd7 73.Bxf5 Kxb7 74.Bxd7  1/2-1/2

[Event "8th Nana Aleksandria"]
[Site "Poti GEO"]
[Date "2013.07.13"]
[Round "1.4"]
[White "Chkhaidze,Ni"]
[Black "Quparadze,G"]
[Result "1/2-1/2"]
[WhiteElo "2134"]
[BlackElo "2497"]

1.e4 c5 2.Nf3 Nc6 3.d4 cxd4 4.Nxd4 Qc7 5.Nc3 e6 6.Be3 a6 7.Qd2 Nf6 8.f3 b5
9.g4 h6 10.O-O-O Ne5 11.h4 Bb7 12.Rg1 Bb4 13.Be2 Rc8 14.g5 hxg5 15.hxg5 Nh5
16.Nb3 O-O 17.a3 Bxc3 18.Qxc3 Qxc3 19.bxc3 Rxc3 20.Bd4 Nf4 21.Rge1 Rfc8 22.Bxe5 Nxe2+
23.Rxe2 Rxb3 24.Rxd7 Bc6 25.cxb3 Bxd7+ 26.Rc2 Rd8 27.Rd2 Rc8+ 28.Rc2 Bc6
29.Kd2 Rd8+ 30.Ke3 Be8 31.Rc7 a5 32.Ra7 a4 33.bxa4 bxa4 34.Bc3 Kh7 35.Rb7 Kg6
36.f4 Bc6 37.Rb6 Bd7 38.Rd6 Rc8 39.Bxg7 Bb5 40.Bd4 Bc4 41.Be5 Rb8 42.Rxe6+ fxe6
43.Bxb8 Ba2 44.Kd4 Bb1 45.Bc7 Bc2 46.Bd8 Bb1 47.Ke5 Bc2 48.Kd4 Bb1 49.f5+ exf5
50.exf5+  1/2-1/2

[Event "3rd SPAChess Open"]
[Site "Amsterdam NED"]
[Date "2013.07.14"]
[Round "9.7"]
[White "De Wilde,R"]
[Black "Delabaca,R"]
[Result "0-1"]
[WhiteElo "2036"]
[BlackElo "2295"]

1.e4 c5 2.Nf3 Nc6 3.d4 cxd4 4.Nxd4 Qb6 5.Nb3 Nf6 6.Nc3 e6 7.Be3 Qc7 8.f4 Bb4
9.Bd3 Bxc3+ 10.bxc3 d6 11.O-O e5 12.f5 O-O 13.g4 d5 14.g5 Nxe4 15.Bxe4 dxe4
16.Qe1 b6 17.f6 g6 18.Qh4 Nd8 19.Qh6 Ne6 20.Nd4 Ba6 21.Rf2 exd4 22.Rf4 Qxc3
23.Raf1 Qxe3+ 24.R1f2 Qc1+ 25.Kg2 Qxf4  0-1

[Event "Styrian Open A 2013"]
[Site "Bad Gleichenberg AUT"]
[Date "2013.07.14"]
[Round "9.18"]
[White "Bahl,Felix"]
[Black "Wegerer,F"]
[Result "1-0"]
[WhiteElo "2005"]
[BlackElo "2218"]

1.e4 c5 2.Nf3 Nc6 3.d4 cxd4 4.Nxd4 Qb6 5.Nb3 e6 6.Be3 Qc7 7.Nc3 Nf6 8.g3 Bb4
9.Bg2 Qe5 10.O-O Bxc3 11.f4 Qb5 12.bxc3 d5 13.exd5 Nxd5 14.Bc5 b6 15.Re1 Bb7
16.c4 Qxc4 17.Bxd5 Qa4 18.Bxe6 Ne5 19.Rxe5 fxe6 20.Rxe6+ Kf7 21.Re7+ Kg8
22.Rxb7 Qc6 23.Rd7 bxc5 24.Rd8+ Kf7 25.Rxh8 Rxh8 26.Qh5+ g6 27.Qxc5 Qxc5+
28.Nxc5 Rc8 29.Ne4 Rxc2 30.a4 h5 31.a5 Ke6 32.a6 h4 33.Ra5  1-0